Forschung aktuell / (Record no. 1553)

MARC details
000 -LEADER
fixed length control field 01646cas a2200409 a 4500
001 - CONTROL NUMBER
control field data
005 - DATE AND TIME OF LATEST TRANSACTION
control field 20260322212106.0
008 - FIXED-LENGTH DATA ELEMENTS--GENERAL INFORMATION
fixed length control field data
010 ## - LIBRARY OF CONGRESS CONTROL NUMBER
LC control number 2004208813
019 ## -
-- 994404575
-- 994404575
029 1# - OTHER SYSTEM CONTROL NUMBER (OCLC)
OCLC library identifier AU@
System control number 000026433404
035 ## - SYSTEM CONTROL NUMBER
System control number (OCoLC)57145132
040 ## - CATALOGING SOURCE
Original cataloging agency DLC
Language of cataloging eng
Transcribing agency DLC
Modifying agency OCLCL
-- OCLCF
-- OCLCO
-- OCLCL
041 0# - LANGUAGE CODE
Language code of text/sound track or separate title ger
-- ger
042 ## - AUTHENTICATION CODE
Authentication code pcc
050 00 - LIBRARY OF CONGRESS CALL NUMBER
Classification number K5011.5
Item number .F67
130 0# - MAIN ENTRY--UNIFORM TITLE
Uniform title Forschung aktuell (Edition Iuscrim)
245 10 - TITLE STATEMENT
Title Forschung aktuell /
Statement of responsibility, etc. Max-Planck-Institut für Ausländisches und Internationales Strafrecht.
246 1# - VARYING FORM OF TITLE
Display text Issues in English have title:
Title proper/short title Research in brief
260 ## - PUBLICATION, DISTRIBUTION, ETC.
Place of publication, distribution, etc. [Freiburg im Breisgau, Germany] :
Name of publisher, distributor, etc. Edition Iuscrim
300 ## - PHYSICAL DESCRIPTION
Extent v. :
Other physical details ill. ;
Dimensions 22 cm.
310 ## - CURRENT PUBLICATION FREQUENCY
Current publication frequency Irregular
362 1# - DATES OF PUBLICATION AND/OR SEQUENTIAL DESIGNATION
Dates of publication and/or sequential designation Began with 1, published in 2000.
530 ## - ADDITIONAL PHYSICAL FORM AVAILABLE NOTE
Additional physical form available note Also issued online.
546 ## - LANGUAGE NOTE
Language note In English and German.
588 ## - SOURCE OF DESCRIPTION NOTE
Source of description note Description based on: 9, copyrighted 2001; title from cover.
588 ## - SOURCE OF DESCRIPTION NOTE
Source of description note Latest issue consulted: 15, copyrighted 2002.
650 #0 - SUBJECT ADDED ENTRY--TOPICAL TERM
Topical term or geographic name entry element Criminal law.
650 #7 - SUBJECT ADDED ENTRY--TOPICAL TERM
Topical term or geographic name entry element Criminal law.
Source of heading or term fast
Authority record control number or standard number (OCoLC)fst00883328
710 2# - ADDED ENTRY--CORPORATE NAME
Corporate name or jurisdiction name as entry element Max-Planck-Institut für Ausländisches und Internationales Strafrecht.
Real World Object URI https://id.oclc.org/worldcat/entity/E39QH7JmtjKhGxghbdwryqKP6g
859 41 - LOCAL CONTROL INFORMATION (RLIN)
-- http://www.iuscrim.mpg.de/verlag/Forschaktuell/Forschakt.html
906 ## - LOCAL DATA ELEMENT F, LDF (RLIN)
a 7
b cbc
c serials
d 3
e ncip
f 20
g n-oclcserc
925 0# -
-- acquire
-- 1 shelf copy
-- MWS, 2004-12-15
955 ## - COPY-LEVEL INFORMATION (RLIN)
-- dd95 2005-01-19
-- dd95 2005-01-19 to SER
Holdings
Withdrawn status Lost status Damaged status Not for loan Home library Current library Shelving location Date acquired Total checkouts Full call number Barcode Date last seen Price effective from Koha item type
        Liberty Liberty General stacks 22/03/2026   K5011.5 LOC-LPL-00016 22/03/2026 22/03/2026 Books